Movies Quiz

Random Movies or Clickable Quiz
Score 0/20 Timer 06:00
0 Plays Today
% Correct
A bed.
94.9%
I kinda thought I already was.
94%
No. He's changing mine.
93.3%
The bus. It was time for him to go home.
92.9%
To protect his blind side.
92.8%
I don't know. Excessive blocking.
92.6%
I don't know. Can I, can I leave now?
92%
It's later, Bert.
92%
Only when he's bad.
92%
Like vinegar.
91.8%
% Correct
It is not my color wheel, and I'm not gonna wear it.
91.7%
She means it.
91.7%
'Cause if he does, Sean is gonna lose a few stores.
91.2%
But honor, that's the real reason for you either do something or you don't.
90.5%
Well, that's *my* son.
88.6%
Lord help that child.
80.7%
I'm in a prayer group with the D.A., I'm a member of the NRA and I'm always packin'.
80.4%
Yep. And it shoots just fine every other day of the week too.
79.9%
You should really get to know your players. Michael scored in the 98th percentile in protective instincts.
71.4%
Well, it's your decision where you wanna play ball. Don't let me influence you.
71.3%
Remove Ads.
Support Sporcle.
Get the best of Sporcle when you Go Orange. This ad-free experience offers more features, more stats, and more fun while also helping to support Sporcle. Thank you for becoming a member.

You're not logged in!

Compare scores with friends on all Sporcle quizzes.
OR
Log In

Show Comments

Extras

Top Quizzes Today


Score Distribution

Your Account Isn't Verified!

In order to create a playlist on Sporcle, you need to verify the email address you used during registration. Go to your Sporcle Settings to finish the process.

Report this User

Report this user for behavior that violates our Community Guidelines.

Details: